Normal view
MARC view
- Raw
Entry Topical Term
001 - CONTROL NUMBER
- control field: 113146
003 - CONTROL NUMBER IDENTIFIER
- control field: NUST
005 - DATE AND TIME OF LATEST TRANSACTION
- control field: 20230619082402.0
008 - FIXED-LENGTH DATA ELEMENTS
- fixed length control field: 230619|| aca||aabn | a|a d
040 ## - CATALOGING SOURCE
- Original cataloging agency: NUST
- Transcribing agency: NUST
150 ## - HEADING--TOPICAL TERM
- Topical term or geographic name entry element: Raw
670 ## - SOURCE DATA FOUND
- Source citation: Work cat.: (NUST)179215: Sagar ,Tariq Ismail 67184, RAW :, 1998
